Ice Hockey General Knowledge - Statistics

General Stats
  • This quiz has been taken 269 times
    87 since last reset
  • The average score is 15 of 21
Answer Stats
Question Answer % Correct
What does 'NHL' stand for? National Hockey League
99%
What is the maximum number of players a team can have on the ice during a game? 6
97%
How many teams are in the NHL? 32
94%
How many players does a hockey team typically consist of? 20
88%
What does a player 'receive' for breaking a rule? Penalty
85%
Where does a player go after breaking a rule? Penalty Box
85%
How many 'face-off' dots are on a standard hockey rink? 9
81%
What is it called when the same player scores three goals in a single game? Hat Trick
81%
What is the name for one of the three offensive positions? Center, Left Wing, Right Wing
79%
What is the term used to describe the advantage a team has when one or more players of the opposing team have been taken off of the ice for breaking a rule? Power Play
78%
What is the NHL playoff championship trophy called? Stanley Cup
78%
Who is often considered one of the best hockey players of all time and holds many notable NHL records (including most career points and most career assists)? Wayne Gretzky
75%
What term refers to the offensive positions (or a player in that position)? Forward
74%
Who broke the NHL record for most career goals in 2025? Alexander Ovechkin
71%
What is the official name for the position that stands in front of the net? Goaltender
68%
What team won this trophy for the first time ever in the 2023-24 season? Florida Panthers
61%
What is the name of the infraction that occurs when a player shoots/hits the puck and it crosses both the center red-line and the opposing team's goal-line without being touched or scoring a goal? Icing
56%
What is the area between the blue lines called? Neutral Zone
49%
How long (in feet) is a standard NHL hockey rink? 200 feet
43%
What is the term used to describe the disadvantage a team has when one or more of their players have been taken off of the ice for breaking a rule? Penalty Kill
42%
What is the semi-circle area directly in front of a goal called? Crease
40%
No matching quizzes found
Score Distribution
Percent of People with Each Score
Percentile by Number Answered
Your Score History
You have not taken this quiz since the last reset